<?xml version="1.0" encoding="UTF-8"?><?xml-stylesheet type="text/xsl" href="static/style.xsl"?><OAI-PMH xmlns="http://www.openarchives.org/OAI/2.0/" xmlns:xsi="http://www.w3.org/2001/XMLSchema-instance" xsi:schemaLocation="http://www.openarchives.org/OAI/2.0/ http://www.openarchives.org/OAI/2.0/OAI-PMH.xsd"><responseDate>2026-04-26T22:07:26Z</responseDate><request verb="GetRecord" identifier="oai:uvadoc.uva.es:10324/62084" metadataPrefix="marc">https://uvadoc.uva.es/oai/request</request><GetRecord><record><header><identifier>oai:uvadoc.uva.es:10324/62084</identifier><datestamp>2023-10-19T19:02:17Z</datestamp><setSpec>com_10324_38</setSpec><setSpec>col_10324_852</setSpec></header><metadata><record xmlns="http://www.loc.gov/MARC21/slim" xmlns:doc="http://www.lyncode.com/xoai" xmlns:xsi="http://www.w3.org/2001/XMLSchema-instance" xmlns:dcterms="http://purl.org/dc/terms/" xsi:schemaLocation="http://www.loc.gov/MARC21/slim http://www.loc.gov/standards/marcxml/schema/MARC21slim.xsd">
<leader>00925njm 22002777a 4500</leader>
<datafield tag="042" ind1=" " ind2=" ">
<subfield code="a">dc</subfield>
</datafield>
<datafield tag="720" ind1=" " ind2=" ">
<subfield code="a">Monsalvo Gordaliza, Laura</subfield>
<subfield code="e">author</subfield>
</datafield>
<datafield tag="260" ind1=" " ind2=" ">
<subfield code="c">2023</subfield>
</datafield>
<datafield tag="520" ind1=" " ind2=" ">
<subfield code="a">En el presente Trabajo de Fin de Grado (TFG) se muestra una propuesta de intervención centrada en la enseñanza de la historia y el patrimonio local en la etapa de Educación Infantil. Para ello, se ha elaborado un marco teórico apoyándonos en diferentes autores y por lo tanto, se ha realizado un análisis de diferentes estrategias metodológicas, con el fin de poder dar respuesta a la pregunta ¿es posible enseñar Historia en la etapa de Educación Infantil?&#xd;
De esta forma, se ha elaborado una propuesta de intervención, en un aula de Educación Infantil, que lleva por nombre ‘Las huellas de Isabel’. Con esta actuación se pretende que los alumnos conozcan la historia de Isabel La Católica y el patrimonio local de la Villa de Medina del Campo (Valladolid). Para llevar a cabo esta propuesta nos hemos basado principalmente en una metodología activa como es la metodología por proyectos.</subfield>
</datafield>
<datafield tag="024" ind2=" " ind1="8">
<subfield code="a">https://uvadoc.uva.es/handle/10324/62084</subfield>
</datafield>
<datafield tag="245" ind1="0" ind2="0">
<subfield code="a">Propuesta de intervención para la enseñanza de la historia y el patrimonio local en Educación Infantil</subfield>
</datafield>
</record></metadata></record></GetRecord></OAI-PMH>